00596nam a2200169 a 450000500170000000800410001702000150005805000240007324501130009726000660021030000290027650000190030552100090032465000400033365000330037365000200040620140310183139.0020820s19uu xx 00 eng d a0761993185 aHD 58.7b.M345 1999 aManagement and cultural values :bthe indigenization of organizations in Asia /cHenry S.R. Kao ( editors ). aNe Delhi ; Thousand Oaks, Calif. :bSage Publications,c1999. a332 p. :bill. ;c22 cm. aIncludes index aBSBA aCorporate culturexAsiaxCongresses aManagementxAsiaxcongresses aIndustrial mgt.